000 00535nam a2200193 a 4500
001 1770806978328
003 YourLibrary
005 20260211162328.0
008 260211s2009##################000#0#eng##
020 _a9781847559050
082 0 4 _a333.794
_bHOF
100 1 _aHöfer, Rainer,
_eauthor.
245 1 0 _aSustainable Solutions for Modern Economies :
260 _bRoyal Society of Chemistry,
_c2009.
300 _a525 pages
650 0 _aBusiness & Economics.
942 _cENGLISH
040 _aYourLibrary
_beng
_cYourLibrary
999 _c611863
_d611863